Khả năng nắm bắt cách biểu hiện trong cấu tạo văn chương
Guardado en:
| Formato: | Libro |
|---|---|
| Publicado: |
2005
|
| Etiquetas: |
Agregar Etiqueta
Sin Etiquetas, Sea el primero en etiquetar este registro!
|
| Thư viện lưu trữ: | Mạng thư viện Đại học Đà Nẵng |
|---|
| LEADER | 00468nam a22001811a 4500 | ||
|---|---|---|---|
| 001 | 000038759 | ||
| 003 | 15054 | ||
| 005 | 20160412021446.0 | ||
| 008 | 160412s2005 000 | ||
| 082 | |a 4N(07)523 | ||
| 245 | |a Khả năng nắm bắt cách biểu hiện trong cấu tạo văn chương | ||
| 260 | |c 2005 | ||
| OWN | |a LNN | ||
| 999 | |a From the UDN01 | ||
| TYP | |a Monograph | ||
| 980 | |a Mạng thư viện Đại học Đà Nẵng | ||